Las Revoluciones de Liberación Nacional contemporáneas

Gardado en:
Detalles Bibliográficos
Autor Principal: Brutents, K.
Formato: Texto
Publicado: Moscú: Progreso
Etiquetas: Engadir etiqueta
Sen Etiquetas, Sexa o primeiro en etiquetar este rexistro!

MARC

LEADER 00000 a a2200000 04500
001 24925
003
040
090 |a 175700  
100 |a Brutents, K.  
245 |a Las Revoluciones de Liberación Nacional contemporáneas  
260 |a Moscú:   |b Progreso  
300 |a 236 p.; vol. 2  
999 |c 2098  |d 2098